书目信息 |
| 题名: |
Linux操作系统原理与应用
|
|
| 作者: | 陈莉君 , 康华 编著 | |
| 分册: | ||
| 出版信息: | 北京 清华大学出版社 2006.01 |
|
| 页数: | 246页 | |
| 开本: | 26cm | |
| 丛书名: | ||
| 单 册: | ||
| 中图分类: | TP316.89 | |
| 科图分类: | ||
| 主题词: | 软件 | |
| 电子资源: | ||
| ISBN: | 7-302-11834-5 | |
| 000 | 00652nam0 2200205 450 | |
| 001 | 0856211100 | |
| 005 | 20080303165000.68 | |
| 010 | @a7-302-11834-5@dCNY24.00 | |
| 100 | @a20080311d2006 km y0chiy0120 ea | |
| 101 | 0 | @achi |
| 102 | @aCN@b110000 | |
| 200 | 1 | @aLinux操作系统原理与应用@ALinux cao zuo xi tong yuan li yu ying yong@f陈莉君,康华 编著@Fchen li jun,kang hua bian zhu |
| 210 | @a北京@c清华大学出版社@d2006.01 | |
| 215 | @a246页@d26cm | |
| 606 | 0 | @a软件 |
| 690 | @aTP316.89@v4 | |
| 701 | 0 | @a陈莉君@Achen li jun@4编著 |
| 701 | 0 | @a康华@Akang hua@4编著 |
| 801 | 0 | @aCN@b大连网信软件有限公司图书馆·11@c20080303 |
| 905 | @aZUCC@dTP316.89@eC490 | |
| Linux操作系统原理与应用/陈莉君,康华 编著.-北京:清华大学出版社,2006.01 |
| 246页;26cm |
| ISBN 7-302-11834-5:CNY24.00 |
| ● |
| 相关链接 |
|
|
|
正题名:Linux操作系统原理与应用
索取号:TP316.89/C490
 
预约/预借
| 序号 | 登录号 | 条形码 | 馆藏地/架位号 | 状态 | 备注 |
| 1 | 479264 | 204792643 | 计算机与数据科学学院资料室/ [索取号:TP316.89/C490] | 在馆 |